000 00495nam a2200145Ia 4500
008 230917s9999||||xx |||||||||||||| ||und||
040 _e167558
_aMAIN
041 _aEnglish
082 _a891.4317409 RB198S
100 _aरावत, बादामसिंह
245 0 _aसाठोत्तरी हिन्दी कवितः शिल्प के नये आयाम
260 _aमहेसाना
_bगिरनार
_c1980
300 _a122 पृ. p.
942 _cHN
999 _c224328
_d224328